ČSN 38 3716 Blokové transformovne

Podrobná bibliografia
Médium: Kniha
Jazyk:neznámy jazyk
Fyzický popis:20 s.
Vydavateľské údaje: Praha ÚNM 1978

MARC

LEADER 00000nam a2200000 a 4500
001 vtls001380042
003 SK-MaSNL
005 20260224023106.0
008 210928s1978 xx 0 und
035 |a SNK000334025 
040 |a SNK  |b slo  |c SNK  |e AACR2 
245 1 |a ČSN 38 3716 Blokové transformovne 
260 |a Praha  |b ÚNM  |c 1978 
300 |a 20 s. 
958 |a OND 
999 |c 809127  |d 811057 
952 |t P60, <04>, [BOOK], {604}  |a SNK  |b SNK  |y VYP  |7 0  |p 17A0221890  |o snkČSN 38 3716  |0 0  |1 0  |4 0  |d 2000-01-03  |l 0  |r 2005-01-02 00:00:00  |w 2026-02-24